Central Library OPAC University of Rajshahi

Calculus / (Record no. 50840)

MARC details
000 -LEADER
fixed length control field 00666nam a22002292 4500
001 - CONTROL NUMBER
control field 50840
003 - CONTROL NUMBER IDENTIFIER
rucl marc code BD-RjUL
005 - DATE AND TIME OF LATEST TRANSACTION
control field 20211209075555.0
008 - FIXED-LENGTH DATA ELEMENTS--GENERAL INFORMATION
fixed length control field 160828r19601949enka 000 0 eng
035 ## - SYSTEM CONTROL NUMBER
System control number OCLC ocm06749301 from D970923M
-- (BD-RjUL)50960
040 ## - CATALOGING SOURCE
Original cataloging agency DLC
Transcribing agency CUI
Modifying agency UKM
-- EQO
-- BD-RjUL
Language of cataloging eng
041 ## - LANGUAGE CODE
Language code of text/sound track or separate title eng
082 04 - DEWEY DECIMAL CLASSIFICATION NUMBER
Edition number 23
Classification number 515
Author mark and year KEC 1960
100 1# - MAIN ENTRY--PERSONAL NAME
Personal name Kells, Lyman M.
Fuller form of name (Lyman Morse),
Dates associated with a name 1888-
9 (RLIN) 152191
245 10 - TITLE STATEMENT
Title Calculus /
Statement of responsibility, etc. Lyman M. Kells.
250 ## - EDITION STATEMENT
Edition statement 2d ed.
260 ## - PUBLICATION, DISTRIBUTION, ETC. (IMPRINT)
Place of publication, distribution, etc. London :
Name of publisher, distributor, etc. Allen & Unwin,
Date of publication, distribution, etc. 1949
-- [Printing 1960].
300 ## - PHYSICAL DESCRIPTION
Pagination 508 p.
Illustrations illus.
Size 23 cm.
650 #0 - SUBJECT ADDED ENTRY--TOPICAL TERM
Topical term or geographic name as entry element Calculus.
9 (RLIN) 152192
942 ## - ADDED ENTRY ELEMENTS (KOHA)
Source of classification or shelving scheme Dewey Decimal Classification
Koha item type Books
Holdings
Lost status Source of classification or shelving scheme Damaged status Not for loan Collection code Permanent Location Current Location Shelving location Date acquired Source of acquisition Cost, normal purchase price Total Checkouts Full call number Date last seen Copy number Koha item type
  Dewey Decimal Classification     Non-fiction Central Library, University of Rajshahi Central Library, University of Rajshahi   17/06/1964 Zeitlinger 80.00   515 KEC 1960 28/08/2016 C-2 Books